Регионална библиотека "Любен Каравелов" - Русе

Малкият принц (Запис номер 439837)

MARC детайли
000 -Лидер
Контролно поле с фиксирана дължина 01362nam a2200301 a 4500
003 - Код на организацията, давaща контролен номер
Контролно поле BLK
005 - Дата и час на последна редакция
Контролно поле 20250522120135.0
008 - Елементи от данни с фиксирана дължина
fixed length control field 211213b bul|||||r ||||||| ||bul||
020 ## - Международен стандартен номер на книга ISBN
Международен стандартен номер на книга ISBN 9786191950430
040 ## - Източник на каталожния запис
Идентификатор на билиотеката - собственик на записа BLK
041 ## - Код за език
Код за езика на текст/звукозапис или на отделно заглавие Български
Код за езика КДБФ Български
080 ## - УДК
Текстов определител УДК Френска литература
УДК код - определител по УДК 821.133.1
УДК определител -93-322.1
УДК - код + определител 821.133.1-93-322.1
100 1# - Редна дума - Автор
Автор Сент-Екзюпери, Антоан дьо
Авторска отговорност първи автор
R(LIN) 363958
139 ## - Редно поле
Редна дума Сент-Екзюпери, Антоан дьо
Авторски знак Сен - С 33
245 10 - Сведения за заглавието
Заглавие Малкият принц
Подзаглавни данни Голяма панорамна книга с акварели на авт.
Редно поле (дума) Антоан дьо Сент-Екзюпери ; прев. от фр. Константин Константинов.
250 ## - Област на изданието
Сведения за изданието 3. изд.
257 ## - Страна на издаване
Страна на създаване/издаване Франция
260 ## - Област на издателските данни
Място на издаване, разпространение и проч. София
Име на издателя, разпространителя и проч. Книгомания
Година на издаване [2021]
Печатница (Отпеч. в Китай)
9 (RLIN) 214104
Издателство - префикс ISBN 978-619-195- ; 978-954-8432- ; 978-954-9817- ; 954-90578-
300 ## - Физическа характеристика
Страници 66 с.
Илюстрации и др. с ил.
Размери/Мащаб 26 см
380 ## - Жанр
Жанр Детска худож. лит.
500 ## - Общи забележки
Забележка Ориг. загл. Le petit prince / Antoane de Saint-Exupery
700 ## - Други автори (авторска отговорност)
Лично име Константинов, Константин Илиев
Автороска отговорност (Описва отношението между автора и произведението) прев. от фр.
9 (RLIN) 246218
852 ## - Местоположение
Фондова буква Детски отдел
Систематично-азбучна сигнатура 821-93/Е 33 А
856 ## - Електронен адрес и достъп
Инструкция (цена за достъп) 0.00
Права за достъп disable
999 ## - СИСТЕМНИ КОНТРОЛНИ НОМЕРА
Koha biblionumber 439837
Koha biblioitemnumber 439837
942 ## - АРТИКУЛИ
Вид на библиотечния материал Книги
Скрит в OPAC Не
Koha issues (borrowed), all copies 16
Периодичен библиозапис Да
944 ## - СЪЗДАВАНЕ И РЕДАКЦИЯ на ЗАПИСА
Създаване/Редакция Създаване
Дата на регистрацията/редакция 2021-12-13
Служител, извършил регистрацията/редакцията 30537
Статус, дата на статуса Грета Цуфелде
999 ## - СИСТЕМНИ КОНТРОЛНИ НОМЕРА
Koha biblioitemnumber 439837
Наличности
Код за отписване Код за изгубен артикул Източник на класификационната схема Код за повреда Коз за рестрикции Код за отдаване Артикулен № Име на библиотеката - собственик Име на библиотеката, в която се намира в момента Статус (Текущо местоположение) Дата на вписване в системата Местоположение - отдел Цена в лева Систематично азбучна сигнатура Баркод Цена в евро Служебен тип на артикула Инвентарен номер
  Не е изгубен Universal Decimal Classification Не е повреден само за читалня ползва се в читалня 865291 Регионална библиотека "Любен Каравелов" Русе Регионална библиотека "Любен Каравелов" Русе Детски отдел 2021-12-16 Детски отдел 28.40 821-93/Е 33 А 120000863206 14.52 Книги  
  Не е изгубен Universal Decimal Classification Не е повреден без рестрикции заемане за дома 925738 Регионална библиотека "Любен Каравелов" Русе Регионална библиотека "Любен Каравелов" Русе Детски отдел 2023-03-29 Детски отдел 37.90 821-93/Е 33 А 120000884843 19.38 Книги 120000884843
Vip Innovations Ltd, Rousse, Bulgaria 2025